How colourful was my vally (Record no. 2085)

MARC details
000 -LEADER
fixed length control field 00707 a2200193 4500
010 ## - LIBRARY OF CONGRESS CONTROL NUMBER
LC control number ENG-85353
020 ## - INTERNATIONAL STANDARD BOOK NUMBER
Terms of availability 495.00
International Standard Book Number 817658035X
035 ## - SYSTEM CONTROL NUMBER
System control number EN-68886
037 ## - SOURCE OF ACQUISITION
Source of stock number/acquisition D.B.Act / Pub
082 14 - DEWEY DECIMAL CLASSIFICATION NUMBER
Classification number 551.442
090 ## - LOCALLY ASSIGNED LC-TYPE CALL NUMBER (OCLC); LOCAL CALL NUMBER (OCLC)
-- 2123
-- 2123
100 1# - MAIN ENTRY--PERSONAL NAME
Personal name Manral, Harsh Vardhan Singh
245 1# - TITLE STATEMENT
Title How colourful was my vally
Statement of responsibility, etc by Harsh Vardhan Singh Manral
260 ## - PUBLICATION, DISTRIBUTION, ETC. (IMPRINT)
Place of publication, distribution, etc New Delhi
Name of publisher, distributor, etc Uppal Publishing House
Date of publication, distribution, etc 2006
270 ## - ADDRESS
Address 3, Ansari Road, Darya Ganj
City New Delhi
Telephone number 011-23273756, 011-23286571
Postal code 110 002
Fax number 91-011-23286571
Electronic mail address uppalbooks@vsnl.net
300 ## - PHYSICAL DESCRIPTION
Extent vii, 224 p.
Dimensions 22 cm (Pbk.)
942 ## - ADDED ENTRY ELEMENTS (KOHA)
Institution code [OBSOLETE] dpl
Koha item type English Books
Call number prefix 551.442 / MAN
Holdings
Withdrawn status Lost status Source of classification or shelving scheme Damaged status Not for loan Collection code Home library Current library Source of acquisition Cost, normal purchase price Total Checkouts Full call number Barcode Date last seen Copy number Uniform Resource Identifier Cost, replacement price Price effective from Koha item type
    Dewey Decimal Classification   Not For Loan Non-fiction D.B.Act.Division D.B.Act.Division DBAD/PUB 495.00   551.442 MAN EN-68886 15/09/2008 1 2203 495.00 15/09/2008 English Books

© Delhi Public Library
Hit Counter
free hit counter